[Event "Druzynowe Mistrzostwa Polski - I Liga 2018"]
[Site "Pokrzywna"]
[Date "1899-12-30"]
[Round "5.29"]
[White "Harazinska, Magdalena"]
[Black "Mazur, Anna"]
[Result "1-0"]
[WhiteTitle "k"]
[BlackTitle "I+"]
[WhiteElo "2042"]
[BlackElo "1722"]

1. d4 d5 2. c4 Nc6 3. e3 e5 4. dxe5 dxc4 5. Qxd8+ Kxd8 6. Nf3 Bg4 7. Be2 Bxf3 8.
Bxf3 Nxe5 9. Bxb7 Rb8 10. Be4 Nf6 11. Bc2 Bb4+ 12. Ke2 Ke7 13. f4 Nc6 14. Rd1
Rhd8 15. Rxd8 Rxd8 16. Bd2 Nd5 17. Nc3 Nxc3+ 18. bxc3 Bc5 19. Ba4 Rd6 20. e4 f6
21. Rb1 Bb6 22. Rd1 Ba5 23. Bb5 Nb8 24. Bxc4 Nd7 25. Bb3 Nc5 26. Bc2 Bb6 27. Re1
g6 28. Be3 Rd8 29. g4 Kf7 30. Kf3 Ne6 31. Rb1 Rc8 32. h4 h6 33. Bb3 Ke7 34. Bxe6
Kxe6 35. f5+ gxf5 36. exf5+ Kf7 37. Bxh6 1-0

[Event "Druzynowe Mistrzostwa Polski - I Liga 2018"]
[Site "Pokrzywna"]
[Date "1899-12-30"]
[Round "6.1"]
[White "Jakubiec, Artur"]
[Black "Jaracz, Pawel"]
[Result "1/2-1/2"]
[WhiteTitle "GM"]
[BlackTitle "GM"]
[WhiteElo "2514"]
[BlackElo "2453"]

1. e4 c5 2. Nf3 e6 3. d4 cxd4 4. Nxd4 Nc6 5. Nc3 d6 6. Be2 Nf6 7. O-O Be7 8. Be3
O-O 9. f4 e5 10. Nb3 exf4 11. Bxf4 Be6 12. Qd2 d5 13. exd5 Nxd5 14. Nxd5 Qxd5
15. Qxd5 Bxd5 16. Rfd1 Rfd8 17. c3 Rac8 18. Rd2 Be6 19. Rad1 Rxd2 20. Rxd2 f6
21. Bd6 Bd8 22. Bg3 Be7 23. Bd6 Bd8 24. Bg3 Be7 1/2-1/2

[Event "Druzynowe Mistrzostwa Polski - I Liga 2018"]
[Site "Pokrzywna"]
[Date "1899-12-30"]
[Round "6.2"]
[White "Maksimenko, Andrei"]
[Black "Marczuk, Dominik"]
[Result "1-0"]
[WhiteTitle "GM"]
[BlackTitle "k"]
[WhiteElo "2483"]
[BlackElo "2293"]

1. d4 Nf6 2. c4 e6 3. Nf3 b6 4. Bf4 Bb7 5. e3 Bb4+ 6. Nfd2 O-O 7. a3 Be7 8. Nc3
d5 9. cxd5 exd5 10. Nb5 Ne8 11. Be2 c6 12. Nc3 Bd6 13. Bxd6 Nxd6 14. O-O Nd7 15.
b4 f5 16. a4 Qe7 17. b5 Ne4 18. Ndxe4 fxe4 19. Qb3 Nf6 20. a5 bxa5 21. Rxa5 cxb5
22. Rxb5 Bc6 23. Rc5 Rfb8 24. Qa2 Qd7 25. Rc1 Rb6 26. Ra5 h6 27. Ra1 Kh7 28. h3
Rb7 29. Ba6 Rb6 30. Be2 Rb7 31. Qa3 Qc7 32. Ba6 Rb6 33. Bf1 Rb7 34. Ba6 Rb6 35.
Bf1 Rb7 36. Qc5 Qb6 37. Qd6 Rd8 38. Qa3 Qb3 39. Qc1 Qb2 40. Qxb2 Rxb2 41. Rxa7
Rc2 42. Ne2 Rb8 43. Nf4 Rbb2 44. Ne6 Ne8 45. Rf7 Kg6 46. Rf8 Nf6 47. Rc8 Bb7 48.
Rxc2 Rxc2 49. Ra7 Rb2 50. g4 Ne8 51. Nc5 Bc8 52. Ra8 Nd6 53. Ba6 Ra2 54. Rxc8
Rxa6 55. Rd8 Rb6 56. Kg2 Kf7 57. Rd7+ Kf6 58. h4 Rc6 59. Kg3 g5 60. h5 1-0

[Event "Druzynowe Mistrzostwa Polski - I Liga 2018"]
[Site "Pokrzywna"]
[Date "1899-12-30"]
[Round "6.3"]
[White "Chmiel, Marcin"]
[Black "Simantsev, Mikhail"]
[Result "0-1"]
[WhiteTitle "k"]
[BlackTitle "GM"]
[WhiteElo "2237"]
[BlackElo "2445"]

1. c4 Nf6 2. g3 e5 3. Bg2 d5 4. cxd5 Nxd5 5. Nc3 Nb6 6. Nf3 Nc6 7. O-O Be7 8. a3
O-O 9. b4 Be6 10. d3 a5 11. b5 Nd4 12. Rb1 f6 13. Nxd4 exd4 14. Na4 Bd5 15. Nxb6
cxb6 16. Bxd5+ Qxd5 17. Qa4 Rfe8 18. Bb2 Bc5 19. Rfe1 Kh8 20. Rbc1 Re7 21. Qd1
Rae8 22. Rc4 h5 23. h4 Re5 24. Qd2 Rf5 25. Rf1 Kg8 26. Bc1 Qd7 27. a4 Rfe5 28.
Rc2 Qg4 29. Qf4 Qxf4 30. Bxf4 Rxe2 31. Rxe2 Rxe2 32. Ra1 Kf7 33. Kg2 Ke6 34. Kf3
Rb2 35. Rc1 Kd5 36. Rg1 Ke6 37. Re1+ Kf7 38. Re2 Rb3 39. Ke4 Ra3 40. Kd5 Rxa4
41. Bd6 Bxd6 42. Kxd6 Rb4 43. Re7+ Kg6 44. Kd5 a4 45. Rxb7 a3 46. Ra7 Rxb5+ 47.
Kxd4 Ra5 0-1

[Event "Druzynowe Mistrzostwa Polski - I Liga 2018"]
[Site "Pokrzywna"]
[Date "1899-12-30"]
[Round "6.4"]
[White "Krysztofiak, Marcin"]
[Black "Gbyl, Andrzej"]
[Result "1/2-1/2"]
[WhiteTitle "IM"]
[BlackTitle "k+"]
[WhiteElo "2386"]
[BlackElo "2248"]

1. Nf3 Nf6 2. c4 g6 3. b3 Bg7 4. Bb2 O-O 5. g3 d5 6. Bg2 Nc6 7. cxd5 Qxd5 8. Nc3
Qh5 9. h3 Rd8 10. a3 Ne4 11. Qc2 Nxc3 12. Bxc3 Qc5 13. b4 Qc4 14. Rc1 Bxc3 15.
Qxc3 Qb5 16. d3 a5 17. Qc5 Rd5 18. Qxb5 Rxb5 19. Rc5 Rxc5 20. bxc5 a4 21. Kd2
Ra5 22. Rc1 Rb5 23. Rc4 Rb2+ 24. Ke3 e5 25. Rxa4 Be6 26. d4 Rb3+ 27. Kd2 Rb2+
28. Ke3 Rb3+ 29. Kd2 Rb2+ 30. Ke3 Rb3+ 31. Ke4 1/2-1/2

[Event "Druzynowe Mistrzostwa Polski - I Liga 2018"]
[Site "Pokrzywna"]
[Date "1899-12-30"]
[Round "6.5"]
[White "Bukojemski, Adam"]
[Black "Szustakowski, Antoni"]
[Result "0-1"]
[WhiteTitle "k"]
[BlackTitle "FM"]
[WhiteElo "2222"]
[BlackElo "2296"]

1. d4 Nf6 2. c4 e6 3. Nc3 Bb4 4. e3 O-O 5. Bd3 d5 6. Nf3 c5 7. cxd5 exd5 8. dxc5
Nc6 9. h3 Bxc5 10. O-O a6 11. Ne2 Qe7 12. b3 Be6 13. a3 Rac8 14. Bb2 Rfd8 15.
b4 Bd6 16. Rc1 Ne4 17. Ned4 Nxd4 18. Bxd4 Bb8 19. Rxc8 Rxc8 20. Qb1 Bf5 21. Rc1
Rxc1+ 22. Qxc1 Qc7 23. Qxc7 Bxc7 24. Nd2 Nd6 25. Bxf5 Nxf5 26. Bc3 f6 27. e4 dxe4
28. Nxe4 b6 29. a4 Nd6 30. Nxd6 Bxd6 31. Kf1 Kf7 32. Ke2 Ke6 33. Kd3 Kd5 34. g3
Be7 35. f4 g6 36. h4 h5 37. Bd2 b5 38. axb5 axb5 39. Bc3 g5 40. hxg5 fxg5 41.
fxg5 Bxg5 42. Bg7 Be7 43. Bc3 Bd6 44. Be1 Be5 45. Ke3 Kc4 46. Kf3 Bc3 47. Bf2
Kxb4 48. g4 hxg4+ 49. Kxg4 Kc4 50. Bh4 b4 51. Be7 b3 52. Ba3 Kd3 53. Kf3 Kc2 54.
Ke2 Bb4 0-1

[Event "Druzynowe Mistrzostwa Polski - I Liga 2018"]
[Site "Pokrzywna"]
[Date "1899-12-30"]
[Round "6.6"]
[White "Jaracz, Barbara"]
[Black "Jakubiec, Edyta"]
[Result "1/2-1/2"]
[WhiteTitle "WGM"]
[BlackTitle "WIM"]
[WhiteElo "2230"]
[BlackElo "2153"]

1. e4 e5 2. Nf3 Nf6 3. Nxe5 d6 4. Nf3 Nxe4 5. Nc3 Nxc3 6. dxc3 Be7 7. Bf4 Nc6 8.
Bd3 Be6 9. Qe2 Qd7 10. O-O-O Bf5 11. Bb5 O-O 12. Ne5 Qe6 13. Nxc6 Qxe2 14. Bxe2
bxc6 15. Rhe1 Bd7 16. Bf3 Bf6 17. Be3 Rfe8 18. Bd4 Bxd4 19. cxd4 Kf8 20. c4 Rxe1
21. Rxe1 Re8 22. Rxe8+ Kxe8 23. b4 Ke7 24. Kd2 Be6 25. Be2 Bf5 26. Ke3 g5 27.
g3 h6 28. a3 Bc2 29. Kd2 Bf5 30. Ke3 Bc2 31. Kd2 Bf5 1/2-1/2

[Event "Druzynowe Mistrzostwa Polski - I Liga 2018"]
[Site "Pokrzywna"]
[Date "1899-12-30"]
[Round "6.7"]
[White "Sopur, Lech"]
[Black "Wandzik, Wojciech"]
[Result "1-0"]
[WhiteTitle "m"]
[BlackTitle "m"]
[WhiteElo "2403"]
[BlackElo "2417"]

1. d4 Nf6 2. c4 e6 3. Nc3 d5 4. cxd5 exd5 5. Bg5 Be7 6. e3 O-O 7. Bd3 c6 8. Qc2
Nbd7 9. Nf3 Re8 10. O-O h6 11. Bf4 Nf8 12. Rab1 Bd6 13. Bxd6 Qxd6 14. b4 Ne6 15.
Ne5 a5 16. a3 axb4 17. axb4 b6 18. f4 c5 19. Bb5 Bd7 20. Bxd7 Nxd7 21. bxc5 bxc5
22. Rb7 Re7 23. Qb3 Nf6 24. Rxe7 Qxe7 25. Nxd5 Nxd5 26. Qxd5 Rd8 27. Qf3 Qd6 28.
Nc6 Re8 29. d5 Nc7 30. Rd1 f5 31. Ne5 Rd8 32. Nc4 Qf6 33. d6 Nb5 34. Qd5+ Kh7
35. Qe5 Nc3 36. Qxf6 gxf6 37. Rd3 Ne4 38. d7 Kg6 39. Na5 c4 40. Nxc4 Kf7 41. Nd6+
Ke6 42. Nxe4 fxe4 43. Rd4 Rxd7 44. f5+ Ke7 45. Rxd7+ Kxd7 46. Kf2 Kd6 47. Kg3
Ke5 48. Kg4 h5+ 49. Kxh5 Kxf5 50. g3 1-0

[Event "Druzynowe Mistrzostwa Polski - I Liga 2018"]
[Site "Pokrzywna"]
[Date "1899-12-30"]
[Round "6.8"]
[White "Lizak, Jakub"]
[Black "Cukrowski, Filip"]
[Result "1/2-1/2"]
[WhiteTitle "k"]
[BlackTitle "FM"]
[WhiteElo "2168"]
[BlackElo "2397"]

1. d4 Nf6 2. Nc3 d5 3. Bf4 c5 4. e3 g6 5. Bb5+ Bd7 6. dxc5 Bxb5 7. Nxb5 Qa5+ 8.
Nc3 Bg7 9. Nge2 Nbd7 10. O-O Qxc5 11. Nd4 O-O 12. Nb3 Qc6 13. a4 e6 14. a5 Nh5
15. Nd4 Qc5 16. Bg5 a6 17. Nb3 Qc7 18. Na4 b5 19. axb6 Nxb6 20. Nxb6 Qxb6 21.
Ra2 Rfc8 22. c3 Rc4 23. Nd2 Rc5 24. Be7 Rc7 25. Bb4 a5 26. Nb3 a4 27. Nd4 Rca7
28. Nc2 Nf6 29. Qd3 Nd7 30. Rfa1 Ne5 31. Qe2 Nc6 32. h3 Nxb4 33. Nxb4 a3 34. Rxa3
Rxa3 35. Rxa3 Rxa3 36. bxa3 Bxc3 37. Qa6 Qc5 38. Nc6 e5 39. a4 d4 40. Qb5 Qd6
41. Qd5 Qxd5 42. Ne7+ Kf8 43. Nxd5 Bd2 44. Kf1 d3 45. e4 Ke8 46. f3 Kd7 47. Nf6+
Kd6 48. Ng4 Ba5 49. Nf2 d2 50. Ke2 Kc5 51. Kd3 Kb4 52. Kxd2 Kxa4+ 53. Kd3 Kb5
54. Ng4 Bc7 55. Nh6 f6 56. Ng4 Bd8 57. Ne3 Kc5 1/2-1/2

[Event "Druzynowe Mistrzostwa Polski - I Liga 2018"]
[Site "Pokrzywna"]
[Date "1899-12-30"]
[Round "6.9"]
[White "Kaczmarek, Aleksander"]
[Black "Duda, Lukasz"]
[Result "1-0"]
[WhiteTitle "FM"]
[BlackTitle "k++"]
[WhiteElo "2398"]
[BlackElo "2201"]

1. e4 e6 2. Nf3 d5 3. e5 c5 4. b4 cxb4 5. a3 Nc6 6. axb4 Bxb4 7. c3 Be7 8. d4 Bd7
9. Bd3 a6 10. O-O Na5 11. Nfd2 Rc8 12. Qg4 g6 13. Qh3 Bb5 14. Bxb5+ axb5 15. Na3
b4 16. cxb4 Bxb4 17. Qd3 Ne7 18. Rb1 Nec6 19. Nb5 Be7 20. Qh3 Qd7 21. Nf3 Nc4
22. Bh6 Bf8 23. Ng5 Qe7 24. Rfc1 Bxh6 25. Qxh6 Qf8 26. Qh3 Qe7 27. Rxc4 Qxg5 28.
Nd6+ Kf8 29. Rxb7 dxc4 30. Rxf7+ Kg8 31. f4 Qh5 32. Qxe6 Qd1+ 33. Kf2 Qd2+ 34.
Kg3 Qd3+ 35. Kh4 g5+ 36. fxg5 Qxd4+ 37. Rf4+ 1-0

[Event "Druzynowe Mistrzostwa Polski - I Liga 2018"]
[Site "Pokrzywna"]
[Date "1899-12-30"]
[Round "6.10"]
[White "Gola, Karol"]
[Black "Orzech, Dominik"]
[Result "1/2-1/2"]
[WhiteTitle "k"]
[BlackTitle "IM"]
[WhiteElo "2214"]
[BlackElo "2365"]

1. e4 e6 2. d4 d5 3. exd5 exd5 4. Nf3 Bg4 5. h3 Bxf3 6. Qxf3 c6 7. Bd3 Nf6 8. O-O
Be7 9. c3 O-O 10. Bf4 Bd6 11. Nd2 Re8 12. Rfe1 Bxf4 13. Qxf4 Nbd7 14. Rxe8+ Nxe8
15. Nf3 Qf6 16. Qf5 Qxf5 17. Bxf5 Nb6 18. Re1 Nd6 19. Bc2 a5 20. a4 Kf8 21. Kf1
Nbc4 22. b3 Nb6 23. Ke2 Nd7 24. Ne5 Nf6 25. f3 Nh5 26. Kf2 Nf4 27. Nd7+ Kg8 28.
Nc5 b6 29. Nd3 Ne6 30. Ne5 Rc8 31. Rd1 f6 32. Ng4 Nf4 33. Ne3 Re8 34. Bd3 Kf7
35. h4 Rb8 36. Bc2 b5 37. Rb1 Ne6 38. Nf5 Nxf5 39. Bxf5 b4 40. Bxe6+ Kxe6 41.
Rc1 bxc3 1/2-1/2

[Event "Druzynowe Mistrzostwa Polski - I Liga 2018"]
[Site "Pokrzywna"]
[Date "1899-12-30"]
[Round "6.11"]
[White "Flis, Pawel"]
[Black "Szolc, Grzegorz"]
[Result "0-1"]
[WhiteTitle "k"]
[BlackTitle "I+"]
[WhiteElo "1922"]
[BlackElo "2020"]

1. e4 c5 2. Nc3 e6 3. g3 Nc6 4. Bg2 g6 5. d3 Bg7 6. Be3 d6 7. Qd2 Rb8 8. a4 a6
9. Nf3 Nd4 10. O-O Ne7 11. Rac1 O-O 12. Bh6 b5 13. axb5 axb5 14. Bxg7 Kxg7 15.
Nxd4 cxd4 16. Ne2 e5 17. c3 dxc3 18. Qxc3 b4 19. Qd2 Qb6 20. d4 Ba6 21. d5 Rfc8
22. Rfe1 Rxc1 23. Rxc1 Rc8 24. Rxc8 Nxc8 25. Nc1 Qc5 26. h4 h6 27. Na2 b3 28.
Nc3 Nb6 29. Bf1 Bxf1 30. Kxf1 Nc4 31. Qe2 Qd4 32. Ke1 h5 33. Kf1 Nd2+ 34. Ke1
Nc4 35. Kf1 Kh6 36. Qd1 Qxd1+ 37. Nxd1 Nd2+ 38. Ke2 Nxe4 39. Ne3 f5 40. Nc4 g5
41. Na5 Nc3+ 42. Kd2 Nxd5 43. Nxb3 f4 44. Kd3 Nf6 45. Nd2 d5 46. b4 Kg6 47. b5
Nd7 48. hxg5 Kxg5 49. Ke2 Kg4 50. gxf4 Kxf4 51. Nf1 h4 52. f3 Nb6 53. Kf2 d4 54.
Nd2 h3 55. Nf1 d3 56. Nd2 h2 57. Kg2 h1=Q+ 58. Kxh1 Ke3 59. Nb1 Kxf3 60. Kg1 Ke2
61. Nc3+ Kd2 62. Ne4+ Ke1 63. Nc3 d2 64. Kg2 e4 65. Kg3 e3 66. Kf3 e2 0-1

[Event "Druzynowe Mistrzostwa Polski - I Liga 2018"]
[Site "Pokrzywna"]
[Date "1899-12-30"]
[Round "6.12"]
[White "Mazur, Anna"]
[Black "Miturova, Magdalena"]
[Result "1/2-1/2"]
[WhiteTitle "I+"]
[BlackTitle "WIM"]
[WhiteElo "1722"]
[BlackElo "2204"]

1. e4 e5 2. Nf3 Nc6 3. Bb5 a6 4. Ba4 Nf6 5. O-O Be7 6. Re1 b5 7. Bb3 O-O 8. c3
d5 9. exd5 Nxd5 10. d4 exd4 11. Nxd4 Nxd4 12. Qxd4 c6 13. Bxd5 cxd5 14. Be3 Rb8
15. a3 a5 16. Nd2 b4 17. axb4 axb4 18. Bf4 Rb7 19. Nf3 Bf6 20. Be5 Bxe5 21. Nxe5
bxc3 22. bxc3 Be6 23. Ra7 Rxa7 24. Qxa7 Qg5 25. Qe3 Qxe3 26. Rxe3 Ra8 27. Kf1
Ra2 28. Re2 Ra1+ 29. Re1 Ra2 30. Re2 Ra1+ 1/2-1/2

[Event "Druzynowe Mistrzostwa Polski - I Liga 2018"]
[Site "Pokrzywna"]
[Date "1899-12-30"]
[Round "6.13"]
[White "Gritsak, Orest"]
[Black "Mroziak, Maciej"]
[Result "1/2-1/2"]
[WhiteTitle "GM"]
[BlackTitle "IM"]
[WhiteElo "2450"]
[BlackElo "2386"]

1. c4 Nf6 2. Nc3 d5 3. cxd5 Nxd5 4. Nf3 g6 5. e4 Nxc3 6. dxc3 Qxd1+ 7. Kxd1 f6
8. Be3 e5 9. Nd2 Be6 10. Bc4 Kf7 11. Kc2 Nd7 12. b4 Be7 13. Rhd1 Rhd8 14. f3 a5
15. a3 h5 16. h3 Nf8 17. Bf1 g5 18. Nc4 Rxd1 19. Rxd1 axb4 20. axb4 b6 21. Bc1
Ng6 22. Ne3 Nf4 23. Bb2 h4 24. Ra1 Rxa1 25. Bxa1 Bd6 26. Bb2 Be7 27. Bc1 Bd6 28.
Bd2 Be7 29. Bc1 Bd6 30. Bd2 Be7 1/2-1/2

[Event "Druzynowe Mistrzostwa Polski - I Liga 2018"]
[Site "Pokrzywna"]
[Date "1899-12-30"]
[Round "6.14"]
[White "Kolago, Marcin"]
[Black "Miroslaw, Michal"]
[Result "1/2-1/2"]
[WhiteTitle "m"]
[BlackTitle "FM"]
[WhiteElo "2356"]
[BlackElo "2280"]

1. e4 c6 2. d4 g6 3. Nf3 Bg7 4. c3 d6 5. Be2 Nd7 6. O-O Qc7 7. Nbd2 Ngf6 8. a4
O-O 9. Re1 e5 10. Bf1 Re8 11. Qc2 Nf8 12. dxe5 dxe5 13. Nc4 Nh5 14. Be3 b6 15.
h3 Be6 16. Ng5 Rad8 17. Rad1 Bc8 18. Rxd8 Rxd8 19. Rd1 f6 20. Nf3 Ne6 21. b4 Bf8
22. Rxd8 Qxd8 23. Qd2 Qc7 24. Ne1 f5 25. exf5 gxf5 26. Bh6 Nhf4 27. Bxf8 Nxf8
28. Nd3 Nxd3 29. Qxd3 Be6 30. Qg3+ Ng6 31. h4 Kh8 32. Qg5 Qf7 33. h5 Qe7 34. Qxe7
Nxe7 35. Nxe5 Kg7 36. f4 Kh6 37. Be2 Nd5 38. Bf3 Nxc3 39. Nxc6 a5 40. bxa5 bxa5
41. Nxa5 Nxa4 42. Nc6 Nb6 43. Ne5 Nd5 44. Bxd5 Bxd5 45. g4 fxg4 46. Nxg4+ Kxh5
47. Nf6+ Kg6 48. Nxd5 Kf5 49. Kg2 Ke4 50. Nf6+ Kxf4 51. Nxh7 Ke5 1/2-1/2

[Event "Druzynowe Mistrzostwa Polski - I Liga 2018"]
[Site "Pokrzywna"]
[Date "1899-12-30"]
[Round "6.15"]
[White "Stoma, Pawel"]
[Black "Wiewiora, Eneasz"]
[Result "1/2-1/2"]
[WhiteTitle "m"]
[BlackTitle "FM"]
[WhiteElo "2317"]
[BlackElo "2355"]

1. e4 d6 2. d4 Nf6 3. Nc3 e5 4. dxe5 dxe5 5. Qxd8+ Kxd8 6. Bc4 Be6 7. Bxe6 fxe6
8. Be3 Bb4 9. O-O-O Ke7 10. Nb5 Bd6 11. f3 a6 12. Nxd6 cxd6 13. Ne2 Nbd7 14. Rd3
Rac8 15. Rhd1 Rc6 16. Rc3 Rhc8 17. Rxc6 Rxc6 18. b3 Rc8 19. Kb2 h6 20. h4 Nb8
21. c4 Nc6 22. a3 Nd7 23. b4 Nf6 24. Kb3 Nb8 25. Nc3 Nbd7 26. Na4 Rc6 27. Nb2
Rc8 28. Na4 Rc6 29. Nc3 Rc8 30. Rg1 Rf8 31. Rd1 Nh5 32. Na4 Nhf6 33. Rd2 Rc8 34.
Rd3 Rc6 35. Rd1 Rc8 36. Nb2 Ra8 37. Nd3 Rc8 38. Nb2 Rc6 39. a4 a5 40. bxa5 Nc5+
41. Ka3 Nfd7 42. Rb1 Ra6 43. Nd1 1/2-1/2

[Event "Druzynowe Mistrzostwa Polski - I Liga 2018"]
[Site "Pokrzywna"]
[Date "1899-12-30"]
[Round "6.16"]
[White "Jaroch, Karol"]
[Black "Panas, Pawel"]
[Result "1-0"]
[WhiteTitle "m"]
[BlackTitle "k"]
[WhiteElo "2201"]
[BlackElo "2181"]

1. c4 e6 2. Nf3 c5 3. g3 b6 4. Bg2 Bb7 5. O-O Nf6 6. Nc3 Be7 7. Re1 Ne4 8. Qc2
Nxc3 9. dxc3 O-O 10. Ng5 Bxg5 11. Bxb7 Bxc1 12. Raxc1 Nc6 13. Bxa8 Qxa8 14. Rcd1
d5 15. cxd5 exd5 16. Qf5 d4 17. e3 Rd8 18. exd4 cxd4 19. Qe4 Qc8 20. cxd4 f5 21.
Qe3 Nb4 22. d5 f4 23. Qe6+ Qxe6 24. dxe6 1-0

[Event "Druzynowe Mistrzostwa Polski - I Liga 2018"]
[Site "Pokrzywna"]
[Date "1899-12-30"]
[Round "6.17"]
[White "Praszak, Michal"]
[Black "Samborski, Henryk"]
[Result "0-1"]
[WhiteTitle "m"]
[BlackTitle "k"]
[WhiteElo "2068"]
[BlackElo "2101"]

1. d4 Nf6 2. c4 e6 3. Nf3 b6 4. g3 Bb7 5. Bg2 Be7 6. O-O O-O 7. d5 exd5 8. Nh4
c6 9. cxd5 Nxd5 10. Nf5 Nc7 11. e4 d5 12. Qg4 Bf6 13. exd5 Nxd5 14. Rd1 Nd7 15.
Nc3 Ne5 16. Qh3 g6 17. Nxd5 cxd5 18. Nh6+ Kh8 19. g4 Rc8 20. f4 Nc4 21. Rb1 b5
22. g5 Bg7 23. b3 Nd6 24. Be3 Rc3 25. Rbc1 Qc8 26. Qxc8 Rfxc8 27. Rxc3 Rxc3 28.
Bxa7 Bxh6 29. gxh6 Nf5 30. Bxd5 Bxd5 31. Rxd5 Rc1+ 32. Kg2 Rc2+ 33. Kf3 Nxh6 34.
Bd4+ f6 35. Bxf6+ Kg8 36. a3 Ra2 37. Be7 Nf5 38. Bc5 Rxh2 39. Ke4 Re2+ 40. Kd3
Re8 41. Bb6 Ra8 42. Bc5 h5 43. Kc3 Kf7 44. Kb4 Ke6 45. Re5+ Kf6 46. Bg1 g5 47.
Rxb5 g4 48. Rb6+ Kf7 49. a4 g3 50. Rb7+ Kg6 51. Rb6+ Kf7 52. Rc6 Rb8+ 53. Ka3
h4 54. Rc2 h3 55. b4 Rh8 56. Bh2 gxh2 57. Rxh2 Ne3 58. b5 Ng4 59. Rh1 h2 60. b6
Nf2 61. Rxh2 Rxh2 62. b7 Rh8 63. a5 Nd3 0-1

[Event "Druzynowe Mistrzostwa Polski - I Liga 2018"]
[Site "Pokrzywna"]
[Date "1899-12-30"]
[Round "6.18"]
[White "Lewtak, Damian"]
[Black "Chojnacki, Krzysztof"]
[Result "1/2-1/2"]
[WhiteTitle "m"]
[BlackTitle "IM"]
[WhiteElo "2430"]
[BlackElo "2362"]

1. d4 Nf6 2. Bf4 g6 3. Nc3 Bg7 4. e4 d6 5. Qd2 c6 6. Bh6 Bxh6 7. Qxh6 Qa5 8. Bd3
c5 9. Nf3 cxd4 10. Nxd4 Nc6 11. Nf3 Qh5 12. Qxh5 Nxh5 13. Nd5 Kd8 14. Ng5 Be6
15. Be2 Ng7 16. Nf4 Kd7 17. O-O-O f6 18. Ngxe6 Nxe6 19. Bg4 f5 20. Nxe6 Kxe6 21.
exf5+ gxf5 22. Rhe1+ Kf6 23. Bf3 Rhd8 24. Bd5 e5 25. Re3 Rac8 26. Rh3 Nb4 27.
Bb3 Kg6 28. c3 e4 29. Bc2 Nxc2 30. Kxc2 d5 31. Rd4 1/2-1/2

[Event "Druzynowe Mistrzostwa Polski - I Liga 2018"]
[Site "Pokrzywna"]
[Date "1899-12-30"]
[Round "6.19"]
[White "Musialkiewicz, Pawel"]
[Black "Reza, Wojciech"]
[Result "1/2-1/2"]
[WhiteTitle "FM"]
[BlackTitle "FM"]
[WhiteElo "2247"]
[BlackElo "2284"]

1. d4 Nf6 2. c4 e6 3. Nc3 Bb4 4. f3 c5 5. d5 b5 6. e4 O-O 7. Bg5 h6 8. Bh4 d6 9.
a3 Ba5 10. Bd3 exd5 11. cxd5 Nbd7 12. Nge2 a6 13. O-O Ne5 14. f4 Ng6 15. Be1 Bb6
16. Bc2 Ng4 17. Rf3 c4+ 18. Nd4 N4e5 19. Bf2 Nxf3+ 20. Qxf3 Qf6 21. Nce2 Bd7 22.
g3 a5 23. h4 Rfe8 24. Kg2 Qd8 25. h5 Nf8 26. g4 Nh7 27. Bg3 Qc8 28. Nf5 Bxf5 29.
gxf5 Qc5 30. Nc3 Ba7 31. Bh4 Kh8 32. f6 Rg8 33. Kh2 b4 34. e5 Qe3 35. Qe4 Qxe4
36. Nxe4 dxe5 37. fxe5 Bd4 38. Nd6 Bxe5+ 39. Bg3 Bxg3+ 40. Kxg3 gxf6+ 41. Kf4
b3 42. Be4 Ng5 43. Bh1 Nh3+ 44. Kf5 Ra6 45. Nxc4 Rg5+ 46. Ke4 Ra8 47. Nd6 Rg4+
48. Ke3 Ng5 49. Rd1 Rd8 50. Nb7 Re8+ 51. Kf2 1/2-1/2

[Event "Druzynowe Mistrzostwa Polski - I Liga 2018"]
[Site "Pokrzywna"]
[Date "1899-12-30"]
[Round "6.20"]
[White "Licznerski, Lukasz"]
[Black "Musialkiewicz, Jan"]
[Result "1-0"]
[WhiteTitle "FM"]
[BlackTitle "k+"]
[WhiteElo "2277"]
[BlackElo "2244"]

1. e4 c5 2. Nf3 d6 3. Bb5+ Nd7 4. c3 Ngf6 5. Qe2 a6 6. Ba4 Qc7 7. O-O b5 8. Bc2
Bb7 9. d4 e5 10. a4 cxd4 11. cxd4 Be7 12. axb5 axb5 13. Na3 b4 14. Nb5 Qb8 15.
Bd2 b3 16. Bxb3 Bxe4 17. Bxf7+ Kxf7 18. Ng5+ Kf8 19. Nxe4 Nxe4 20. Qxe4 Rxa1 21.
Rxa1 Qxb5 22. Ra8+ Nb8 23. Qf5+ Ke8 24. Qc8+ Kf7 25. Qxh8 Qxb2 26. Qxb8 Qxd2 27.
Qb3+ Kg6 28. Qb1+ Kh6 29. dxe5 dxe5 30. Ra2 Qd4 31. g3 Bc5 32. Qc1+ Kg6 33. Ra6+
Kh5 34. Qc2 g6 35. Ra4 1-0

[Event "Druzynowe Mistrzostwa Polski - I Liga 2018"]
[Site "Pokrzywna"]
[Date "1899-12-30"]
[Round "6.21"]
[White "Bardeli, Lukasz"]
[Black "Renkowski, Piotr"]
[Result "1/2-1/2"]
[WhiteTitle "FM"]
[BlackTitle "k+"]
[WhiteElo "2133"]
[BlackElo "2199"]

1. Nf3 d5 2. c4 c6 3. b3 Nf6 4. g3 Bf5 5. Bg2 e6 6. O-O Be7 7. Bb2 O-O 8. d3 h6
9. Nbd2 Nbd7 10. a3 a5 11. Qc2 Bh7 12. Ne5 Nxe5 13. Bxe5 Nd7 14. Bc3 Bf6 15. Qb2
Qb6 16. Bxf6 Nxf6 17. Rac1 Rfe8 18. Nf3 Rad8 19. Rc2 Re7 20. b4 axb4 21. axb4
Rde8 22. Ne5 Nd7 23. Nxd7 Rxd7 24. Ra1 dxc4 25. Rxc4 e5 26. Ra5 e4 27. Re5 Rde7
28. Rxe7 Rxe7 29. dxe4 Rd7 30. Bf3 Bg6 31. h4 h5 32. Qe5 Rd1+ 33. Kg2 f6 34. Qc3
Bf7 35. Rc5 Rb1 36. Bxh5 Qxb4 37. Bxf7+ Kxf7 38. Qxb4 Rxb4 39. e5 fxe5 40. Rxe5
Rc4 41. Kf3 b5 42. Ke3 b4 43. Re4 Rc3+ 44. Kd2 c5 45. h5 Ra3 46. Kc2 Rc3+ 47.
Kd2 Ra3 48. Kc2 Rc3+ 49. Kb2 Kf6 50. f3 c4 51. g4 Kg5 52. Re5+ Kf6 53. f4 Rb3+
54. Kc2 Ra3 55. g5+ Kf7 56. Rb5 Ra2+ 57. Kb1 Rxe2 58. Rxb4 Rh2 59. Rb7+ Kf8 60.
Rb8+ Ke7 61. Rg8 Kf7 62. Rh8 c3 63. f5 Rf2 64. h6 1/2-1/2

[Event "Druzynowe Mistrzostwa Polski - I Liga 2018"]
[Site "Pokrzywna"]
[Date "1899-12-30"]
[Round "6.22"]
[White "Wypych, Dominik"]
[Black "Raczynski, Krzysztof"]
[Result "1/2-1/2"]
[WhiteTitle "k"]
[BlackTitle "k+"]
[WhiteElo "2096"]
[BlackElo "2091"]

1. d4 f5 2. g3 Nf6 3. Bg2 g6 4. c4 Bg7 5. Nc3 O-O 6. Nf3 d6 7. O-O Nc6 8. d5 Na5
9. Qd3 c5 10. Nd2 a6 11. Rb1 Rb8 12. b3 b5 13. Bb2 Ng4 14. Qc2 f4 15. Nce4 Ne5
16. gxf4 Rxf4 17. e3 Rf7 18. h3 bxc4 19. bxc4 Bf5 20. f4 Nexc4 21. Nxc4 Nxc4 22.
Qxc4 Bxe4 23. Bxe4 Rxb2 24. Rxb2 Bxb2 25. Qxa6 Kg7 26. Rb1 Bf6 27. Rb7 Rf8 28.
a4 Qc8 29. Kg2 c4 30. Qc6 Qa8 31. Qb5 Rc8 32. Qb4 c3 33. Bc2 Rc5 34. e4 Qc8 35.
Rb8 Qc7 36. Rb7 Qc8 37. Rb8 Qc7 38. Rb7 Qc8 39. Rb8 Qc7 40. Rb7 Qc8 1/2-1/2

[Event "Druzynowe Mistrzostwa Polski - I Liga 2018"]
[Site "Pokrzywna"]
[Date "1899-12-30"]
[Round "6.23"]
[White "Szelag, Zuzanna"]
[Black "Jablonska, Sabina"]
[Result "0-1"]
[WhiteTitle "k"]
[BlackTitle "k"]
[WhiteElo "2015"]
[BlackElo "1956"]

1. e4 e5 2. Nf3 Nc6 3. Bb5 Nge7 4. c3 a6 5. Ba4 g6 6. O-O Bg7 7. d4 b5 8. Bb3 exd4
9. cxd4 d6 10. Nc3 Na5 11. Bc2 O-O 12. h3 Bb7 13. Re1 Re8 14. Qd3 c5 15. d5 Nc4
16. a4 Qa5 17. Ra2 Nxb2 18. Bxb2 c4 19. Qd2 b4 20. Nd1 c3 21. Qd3 cxb2 22. Nxb2
Rac8 23. Nc4 Qc5 24. Bb3 a5 25. Rc2 Bc3 26. Ree2 Ba6 27. Nfd2 Kg7 28. Qf3 f6 29.
Re3 Ng8 30. Qg3 Rcd8 31. h4 Nh6 32. Qf4 Nf7 33. Rf3 Qd4 34. Nxa5 Be2 35. Nc6 Qb6
36. Nxd8 Qxd8 37. Rh3 Be5 38. Qe3 Bg4 39. Rh1 f5 40. Qa7 Bc3 41. Bc4 Qf6 42. Qe3
Bd4 43. Qe1 Ne5 44. Bb5 Re7 45. Nb3 Bc3 46. Qb1 fxe4 47. a5 e3 48. Qc1 Bf5 49.
Ra2 exf2+ 50. Rxf2 Ng4 51. Re2 Rxe2 52. Bxe2 Bd4+ 53. Nxd4 Qxd4+ 54. Kf1 Qf2#
0-1

[Event "Druzynowe Mistrzostwa Polski - I Liga 2018"]
[Site "Pokrzywna"]
[Date "1899-12-30"]
[Round "6.24"]
[White "Markowski, Tomasz"]
[Black "Zylka, Stanislaw"]
[Result "1-0"]
[WhiteTitle "GM"]
[BlackTitle "FM"]
[WhiteElo "2546"]
[BlackElo "2327"]

1. d4 Nf6 2. Nf3 g6 3. e3 Bg7 4. Be2 O-O 5. O-O d5 6. b4 a5 7. b5 c5 8. bxc6 bxc6
9. Ba3 Ne4 10. Nfd2 Nd6 11. c4 Ba6 12. Nc3 dxc4 13. Rc1 Nd7 14. Bxd6 exd6 15.
Nxc4 Nb6 16. Nd2 Bxe2 17. Qxe2 Re8 18. Qf3 Rc8 19. Rfd1 Re7 20. Ne2 Rec7 21. Nf4
Qf8 22. h4 Kh8 23. Rb1 Na4 24. Rdc1 d5 25. Qd1 Qa3 26. Qc2 Bf8 27. g3 Kg8 28.
Kg2 Rd8 29. Nf3 Rcc8 30. Ne5 c5 31. Rb3 cxd4 32. Qxc8 Rxc8 33. Rxc8 Qd6 34. exd4
f6 35. Rc6 Qd8 36. Ng4 Bb4 37. Re3 Be7 38. Rce6 Qd7 39. Rxe7 Qxg4 40. Re8+ Kg7
41. R3e7+ Kh6 42. Rh8 1-0